Title in the Lyrics Quiz - Green Day #2 - Statistics

General Stats
  • This quiz has been taken 70 times
  • The average score is 10 of 15
Answer Stats
Answer % Correct
She's an {extraordinary} {girl} / In an ordinary world / And she can't seem to get away
98%
My name is {St}. {Jimmy}, I'm a son of a gun / I'm the one that's from the way outside, now
88%
{Bang} {Bang}! Gimme fame! / Shoot me up to entertain
79%
There's no return from {86} / There's no return from {86} / Don't even try
77%
Sing us a {song} {of} {the} {century} / That's louder than bombs and eternity
75%
Take away the strains of being lonely / Take me to the tracks at {Christie} {Road}
71%
Life {before} {the} {lobotomy} / Christian sang the eulogy
67%
I wanna {stab} {you} {in} {the} {heart} / Right in the bloody, bloody heart, ooh
65%
I wanna be your {dominated} {love} {slave} / I wanna be the one who takes the pain
63%
{All} {the} {time}, every time I need it / What's the time? I said the time is right
56%
{Carpe} {Diem}, a battle cry / Are we all too young to die?
54%
{Ha} {ha}, {you}'{re} {dead}, and I'm so happy / In loving memory of your demise
52%
Come {meet} {me} {on} {the} {roof} tonight, girl / Oh-ooh-oh-oh
48%
Well I, I just want to {see} {the} {light} / And I, I don't want to lose my sight
48%
I look into the past and I want to make it last / {I} {was} {there}, {I} {was} {there}
44%
No matching quizzes found
Score Distribution
Percent of People with Each Score
Percentile by Number Answered
Your Score History
You have not taken this quiz